| 000 | 01531nam a2200373 c 4500 | ||
|---|---|---|---|
| 999 |
_c14056 _d14056 |
||
| 003 | BLK | ||
| 005 | 20200413094154.0 | ||
| 008 | 180412b bul|||||r ||||||| ||bul|| | ||
| 010 | _aKNG00015749000 | ||
| 020 | _a954-8258-74-9 | ||
| 040 | _aBLK | ||
| 041 |
_aBUL _cBUL |
||
| 080 |
_aБългарски език _b811.163.2 _x-313 _z811.163.2-313 |
||
| 080 |
_aБългарски език _b811.163.2 _x-087 _z811.163.2-087 |
||
| 080 |
_aИстория на България _b94(497.2) _x.04 _z94(497.2).04 |
||
| 100 | 1 |
_aНеделчев, Нено Петров _eпърви автор _9249504 |
|
| 139 |
_aНеделчев, Нено Петров _bН 44 |
||
| 245 | 1 | 0 |
_aБългаристика и публицистика _cНено Петров Неделчев. |
| 257 | _aBGR | ||
| 300 |
_a288 с. _bсъс сх. _c22 см |
||
| 380 | _a80 | ||
| 500 | _aДеп. списък: 2 ; 500 тир Геогр. руб.: България | ||
| 650 | 4 |
_aИмена, лични, български _9246977 |
|
| 650 | 4 |
_aБългарски език - диалекти _9241883 |
|
| 650 | 4 |
_aПавликянство _9165455 |
|
| 650 | 4 |
_aВъзраждане - България _9243355 |
|
| 653 | _aпублицистика | ||
| 852 | _aЦб 191298 | ||
| 856 | 4 |
_qpdf _u |
|
| 856 | 4 |
_qpdf _u |
|
| 942 |
_cKNG _n0 _s1 |
||
| 944 |
_aCR _c15.01.2003 _kAB_DOS |
||
| 944 |
_aED _c19.12.2016 _kИвелин_Попов |
||
| 999 | _d14056 | ||